MARC

LEADER 00000nam0a2200000 4500
001 112827
005 20231031121608.0
035 |a (RuTPU)RU\TPU\book\121996 
090 |a 112827 
100 |a 20070403d1938 m y0rusy50 ca 
101 0 |a rus 
102 |a RU 
105 |a a z 000zy 
200 1 |a Летательные аппараты  |f П. Осокин 
210 |a Москва  |c Воениздат  |d 1938 
215 |a 120 с.  |c ил. 
610 1 |a летательные аппараты 
610 1 |a самолеты 
610 1 |a конструкции 
610 1 |a управление 
610 1 |a шасси 
610 1 |a оборудование 
610 1 |a вооружение 
675 |a 629  |v 3 
700 1 |a Осокин  |b П. 
801 1 |a RU  |b 63413507  |c 20070403  |g PSBO 
801 2 |a RU  |b 63413507  |c 20080318  |g PSBO 
942 |c BK